| 000 | 02263nam a22003257a 4500 | ||
|---|---|---|---|
| 003 | MX-MxUPN | ||
| 005 | 20260221064008.0 | ||
| 008 | 240829s2017 ag ||||gr|||| 00| 0 spa d | ||
| 020 | _a9788492613472 | ||
| 040 |
_aMX-MxUPN _bspa _cMX-MxUPN |
||
| 041 | _aspa | ||
| 050 | 0 | 4 |
_aLB880 R362 _bJ33 2017 |
| 245 | 0 | 0 |
_aJacques Rancière : _bla educación pública y la domesticación de la democracia |
| 250 | _aEdición Segunda | ||
| 260 |
_aBuenos Aires ; _a Madrid : _bMiño y Dávila editores, _c2017. |
||
| 300 | _a342 páginas | ||
| 490 | 0 | _aColección educación : otros lenguajes | |
| 504 | _aIncluye bibliografía. | ||
| 505 | 0 |
_t¿Odio a la democracia ... y al rol público de la educación? Sobre Rancière, democracia y educación / _rMaarten Simons y Jan Masschelein -- _tEl papel público de la enseñanza : mantener la puerta cerrada / _rGoele Cornelissen -- _tEnsayando el maestro ignorante : un seminario de lectura / _rRomina Pérez Toldi -- _tSubjetivación gubernamental, política y pedagogía : Foucault con Rancière / _rMaarten Simons y Jan Masschelein -- _tAprendiz, estudiante, hablante ¿Por qué importa cómo llamamos a aquellos a quienes enseñamos? / _rGert Biesta -- _tPolíticas quuer en las escuelas : una lectura de Rancière / _rClaudia W. Ruitenberg -- _tLo que quisiéramos preguntar a Rancière / _rVerónica Gago y Diego Sztulwark -- _tCómo hacer palabras sin cosas : resonancias de Rancière en canino, y viceversa / _rFlorelle d'Hoest _tFin de partida : leer, escribir, conversar (y tal vez pensar) en una Facultad de Educación / _rJorge Larrosa -- _tEl odio a la educación pública : la escuela como marca de la democracia / _rJan Masschelein y Maarten Simons. |
|
| 600 | 1 | 0 |
_aRancière, Jacques, _d1940- _xFilosofía _922105 |
| 600 | 1 | 4 |
_922136 _aRancière, Jacques, _d1940- _xPuntos de vista políticos y sociales |
| 650 | 4 |
_aEducación _xFilosofía _94994 |
|
| 700 | 1 |
_931056 _aLarrosa, Jorge _eedición |
|
| 700 | 1 |
_953540 _aSimons, Maarten _eedición |
|
| 700 | 1 |
_953542 _aMasschelein, Jan _eedición |
|
| 775 | 0 | _tJacques Ranciére : La educación pública y la domesticación de la democracia | |
| 902 |
_aGCH290824 _bMaríaRobles/110924 |
||
| 942 |
_2lcc _cLIBRO _n0 |
||
| 999 |
_c211694 _d211694 |
||